000 00754nam a2200265Ia 4500
001 dia_2505
003 CHAP
005 20230421095750.0
008 220117s1998 xx 000 0 und d
010 _a173027
040 _cCHAP
082 _a658.312404 M4
100 _aMendoza Nuñez, Alejandro
_974704
245 _aCapacitación para la Calidad y la Produtividad /
_c por Alejendro Mendoza Nuñez
250 _a2
260 _aMéxico :
_bTrillas,
_c1998
300 _a194 p.
650 _a1.Capacitación/
_9153016
650 _aEmpleados.
_9153017
650 _aPersonal
_xdirección/
_9153018
901 _a658.312404 M4
902 _aM
905 _a0000001998 MEXA 0000000000ESP00
942 _cLIBRO
_2ddc
999 _c173027
_d173027